000 007400000a22002290004500
090 _aAR
_b01911
245 1 0 _aDescubrimiento de mamíferos fósiles de edad Lujanense (<Pleistoceno tardio>) en el desierto de la Tatacoa (<Huila, Colombia>)
650 1 4 _aPaleontología
_96983
650 1 4 _aTaxonomía
_992343
650 1 4 _aPaleoecología
_9148
650 1 4 _aPaleogeografía
_994298
651 4 _lDesierto de la Tatacoa
_dHuila
_pColombia
_992749
653 _gSylvilagus
653 _gFloridanus
653 _gTayassu
041 0 _aEspañol
700 1 _aCadena G., Alberto
_96445
700 1 _aBrieva B., Jorge
_995368
100 1 _aVillarroel A., Carlos
_995369
942 _cARTICULO
773 1 _tCaldasia
_345
_h76
_q119-125
_d1989
_g16
999 _c10988
_d10988